[Event "XLI Rilton Cup 2011-12"]
[Site "Stockholm SWE"]
[Date "2012.01.02"]
[Round "6"]
[Board "21"]
[White "Dragicevic, Drazen"]
[Black "Olund, Joar"]
[Result "1/2-1/2"]
[WhiteTitle "FM"]
[WhiteElo "2312"]
[BlackElo "2141"]
[WhiteFideId "1707922"]
[BlackFideId "1714848"]
[EventDate "2011.12.27"]

1. Nf3 Nf6 2. c4 e6 3. b3 d5 4. Bb2 c5 5. cxd5 exd5 6. g3 Nc6 7. Bg2 d4 8. O-O
Be7 9. Re1 O-O 10. e4 dxe3 11. dxe3 Qc7 12. Nc3 Rd8 13. Qe2 Bg4 14. h3 Bh5 15.
g4 Bg6 16. Rad1 h6 17. e4 Rxd1 18. Rxd1 Rd8 19. Nd5 Qb8 20. Nxe7+ Nxe7 21. Bxf6
Rxd1+ 22. Qxd1 gxf6 23. Nh4 Qe5 24. Nf5 Bxf5 25. exf5 Nc6 26. Bxc6 bxc6 27. Qc1
Kg7 28. Kg2 h5 29. Kf3 hxg4+ 30. hxg4 Qd5+ 31. Kg3 a5 32. Qc3 Qd6+ 33. Kf3 Qd1+
34. Ke3 Qxg4 35. Qxc5 Qh3+ 36. Kd2 Qf3 37. Kc2 Qe2+ 38. Kb1 Qd2 39. Qxc6 Qxf2
40. Qe4 Qd2 41. a3 Qd1+ 42. Kb2 Qd2+ 43. Qc2 Qd4+ 44. Ka2 Qd5 45. Kb1 Qe5 46. a4
Qe1+ 47. Ka2 Qe5 48. Qd3 Qc5 49. Kb2 Qf2+ 50. Kc3 Qc5+ 51. Kd2 Qf2+ 52. Kd1 Qg1+
53. Ke2 Qc5 54. Kf3 Qc6+ 55. Kf4 Qc7+ 56. Kg4 Qc5 57. Kf3 Qc6+ 58. Ke2 Qg2+ 59.
Ke3 Qg3+ 60. Ke2 Qg2+ 61. Kd1 Qg1+ 62. Kc2 Qf2+ 63. Kb1 Qe1+ 64. Kb2 Qf2+ 65.
Qc2 Qd4+ 66. Ka2 Qe5 67. b4 Qd5+ 68. Ka3 Qf3+ 69. Qb3 axb4+ 70. Kxb4 Qb7+ 71.
Kc4 Qc6+ 72. Kd4 Qd6+ 73. Qd5 Qf4+ 74. Qe4 Qd6+ 75. Kc4 Qa6+ 76. Kc3 Qa5+ 77.
Kd3 Qa6+ 78. Ke3 Qb6+ 79. Kf3 Qa5 80. Kg4 Qc5 81. Kh5 Qc1 82. Kh4 Qc5 83. Qf4
Qd5 84. Qg4+ Kh7 85. Qh5+ Kg7 86. Qg4+ Kh7 87. Kg3 Qd3+ 88. Qf3 Qd6+ 89. Kh3 Qa6
90. Qb3 Qf1+ 91. Kg4 Qe2+ 92. Qf3 Qc4+ 93. Qf4 Qe2+ 94. Kg3 Qe1+ 95. Kf3 Qf1+
96. Ke3 Qe1+ 97. Kd3 Qa5 98. Kc2 Kg7 99. Qg3+ Kh7 100. Qb3 Qc5+ 101. Qc3 Qf2+
102. Qd2 Qc5+ 103. Qc3 Qf2+ 104. Kb3 Qb6+ 105. Ka3 Qd6+ 106. Qb4 Qd3+ 107. Qb3
Qd6+ 108. Kb2 Qd2+ 109. Kb1 Qe1+ 110. Kc2 Qf2+ 111. Kc3 Qc5+ 112. Qc4 Qe3+ 113.
Kb4 Qb6+ 114. Qb5 Qd4+ 115. Ka5 Qa7+ 116. Kb4 Qd4+ 117. Kb3 Qe3+ 118. Kc4 Qe4+
119. Kc3 1/2-1/2

[Event "XLI Rilton Cup 2011-12"]
[Site "Stockholm SWE"]
[Date "2012.01.02"]
[Round "6"]
[Board "22"]
[White "Luukkonen, Tommi"]
[Black "Malmdin, Nils-Ake"]
[Result "0-1"]
[WhiteTitle "FM"]
[BlackTitle "FM"]
[WhiteElo "2252"]
[BlackElo "2308"]
[WhiteFideId "501808"]
[BlackFideId "1701584"]
[EventDate "2011.12.27"]

1. e4 c5 2. Nf3 Nc6 3. d4 cxd4 4. Nxd4 g6 5. c4 Nf6 6. Nc3 Nxd4 7. Qxd4 d6 8.
Be2 Bg7 9. O-O O-O 10. Bg5 Be6 11. f4 Nd5 12. Qf2 Nxc3 13. bxc3 f6 14. Bh4 Qc7
15. Rab1 b6 16. Rb4 Rac8 17. f5 Bf7 18. Kh1 Qb7 19. Qd4 Rc5 20. Bd3 Rfc8 21. Rf3
Ra5 22. a4 Qc6 23. Bc2 g5 24. Bf2 Bxc4 25. Rxc4 Qxc4 26. Qd1 d5 27. Bd4 Kf8 28.
Rh3 h6 29. Bb3 Qc6 30. Qh5 Qd6 31. exd5 b5 32. Qd1 bxa4 33. Ba2 a3 34. c4 Qf4
35. Rf3 Qd6 36. Re3 Rc7 37. Re6 Qb4 38. d6 exd6 39. Bxf6 Rxf5 40. Bxg7+ Rxg7 41.
h4 Rgf7 42. Qd4 Re5 43. Rxh6 Rf1+ 44. Kh2 Qc5 0-1

[Event "XLI Rilton Cup 2011-12"]
[Site "Stockholm SWE"]
[Date "2012.01.02"]
[Round "6"]
[Board "23"]
[White "Arman, Deniz"]
[Black "Aperia, Jakob"]
[Result "0-1"]
[WhiteTitle "FM"]
[WhiteElo "2304"]
[BlackElo "2059"]
[WhiteFideId "6302106"]
[BlackFideId "1711423"]
[EventDate "2011.12.27"]

1. e4 c6 2. d4 d5 3. e5 Bf5 4. g4 Bd7 5. c4 e6 6. Nc3 Ne7 7. h4 dxc4 8. Bxc4 c5
9. Ne4 Nec6 10. Nf3 Nxd4 11. Nxd4 cxd4 12. Qxd4 Nc6 13. Nd6+ Bxd6 14. Qxd6 Qa5+
15. Bd2 Qxe5+ 16. Qxe5 Nxe5 17. Be2 Bc6 18. Rh3 O-O 19. Bc3 Ng6 20. Bd2 e5 21.
Bc4 Nf4 22. Rc3 Ng2+ 23. Kf1 Nxh4 24. Be3 Nf3 25. b4 Nh2+ 26. Ke1 Nxg4 27. Bc5
Rfe8 28. b5 Bd7 29. a4 Be6 30. Bf1 Nf6 31. f3 Rac8 32. Rac1 b6 33. Bd6 Rxc3 34.
Rxc3 e4 35. Rc7 exf3 36. Rxa7 Bb3+ 37. Re7 f2+ 38. Ke2 Bxa4 39. Kf3 Bd1+ 40. Kg2
Rxe7 41. Bxe7 Nd5 42. Bg5 Ba4 43. Kxf2 Nc3 44. Bd8 Bxb5 45. Bg2 Na4 46. Ke3 Kf8
47. Kd4 Ke8 48. Bc7 Kd7 49. Be5 Nc5 50. Bh3+ Ne6+ 51. Ke3 f6 52. Bd4 Bc6 53.
Bxb6 g6 54. Ba5 f5 55. Bb4 Ke8 56. Bd6 Kf7 57. Be5 Be4 58. Bf1 Bd5 59. Bd3 f4+
60. Kf2 h6 61. Be2 Be4 62. Bg4 g5 63. Bh5+ Bg6 64. Bd1 h5 65. Bf3 Ke7 66. Bd5
Nc5 67. Bd4 Nd3+ 68. Ke2 Kd6 69. Bb7 g4 70. Ba7 Ne5 71. Bb8+ Ke6 72. Bc7 Bd3+
73. Kf2 Bb5 74. Bc8+ Kf6 75. Bd8+ Kg6 76. Bc7 g3+ 77. Kg2 Bc6+ 78. Kh3 g2 79.
Kh2 f3 80. Bh3 Ng4+ 81. Bxg4 f2 0-1

[Event "XLI Rilton Cup 2011-12"]
[Site "Stockholm SWE"]
[Date "2012.01.02"]
[Round "6"]
[Board "24"]
[White "Berggren, Jonatan"]
[Black "Von Bahr, Oskar"]
[Result "1/2-1/2"]
[WhiteElo "2150"]
[BlackElo "2284"]
[WhiteFideId "1701762"]
[BlackFideId "1703250"]
[EventDate "2011.12.27"]

1. e4 e6 2. d4 d5 3. e5 c5 4. c3 Nc6 5. Nf3 Bd7 6. Be2 f6 7. O-O fxe5 8. dxe5
Qc7 9. Re1 O-O-O 10. Bf4 h6 11. Bd3 g5 12. Bg3 Kb8 13. Qe2 Nge7 14. Nbd2 Be8 15.
Nf1 Bg6 16. Ne3 Bxd3 17. Qxd3 Bg7 18. h3 Ka8 19. Ng4 Nf5 20. Bh2 Qf7 21. Qd2 Qg6
22. b4 Bf8 23. a3 Be7 24. Ne3 h5 25. g4 hxg4 26. hxg4 d4 27. gxf5 Qh5 28. Nf1 g4
29. Nxd4 cxd4 30. f6 dxc3 31. Qxc3 Nd4 32. Qg3 Nf3+ 33. Kg2 Bxf6 34. exf6 Qd5
35. Red1 Ne1+ 36. Kg1 Nf3+ 37. Kg2 Nh4+ 38. Kg1 Nf3+ 1/2-1/2

[Event "XLI Rilton Cup 2011-12"]
[Site "Stockholm SWE"]
[Date "2012.01.02"]
[Round "6"]
[Board "25"]
[White "Kwapinski, Leszek"]
[Black "Blomqvist, Erik"]
[Result "0-1"]
[BlackTitle "IM"]
[WhiteElo "2051"]
[BlackElo "2477"]
[WhiteFideId "1409883"]
[BlackFideId "1709437"]
[EventDate "2011.12.27"]

1. e4 c5 2. Nf3 e6 3. d4 cxd4 4. Nxd4 a6 5. c4 Nf6 6. Nc3 Qc7 7. Bd3 Nc6 8. Nxc6
dxc6 9. O-O Bc5 10. Kh1 h5 11. Qe2 e5 12. Be3 Bg4 13. f3 Bxe3 14. Qxe3 Be6 15.
c5 h4 16. b4 Nh5 17. Ne2 O-O-O 18. b5 cxb5 19. a4 Rxd3 20. Qxd3 Bc4 21. Qe3 Bxe2
22. Rfc1 Bc4 23. axb5 Bxb5 24. Rcb1 Rh6 25. Rd1 Nf4 26. Rd6 Rxd6 27. cxd6 Qxd6
28. Qa7 Qd2 29. Qc5+ Kd7 0-1

[Event "XLI Rilton Cup 2011-12"]
[Site "Stockholm SWE"]
[Date "2012.01.02"]
[Round "6"]
[Board "27"]
[White "Holving, Rasmus"]
[Black "Mack, Wolfgang"]
[Result "1/2-1/2"]
[WhiteElo "2221"]
[BlackElo "2293"]
[WhiteFideId "1703145"]
[BlackFideId "4685458"]
[EventDate "2011.12.27"]

1. f4 g6 2. e3 Bg7 3. Nf3 d6 4. d4 c5 5. c3 Nd7 6. Bd3 Ngf6 7. O-O O-O 8. Qe1 e5
9. Bc2 b6 10. Qh4 Ba6 11. Re1 Re8 12. dxe5 dxe5 13. e4 exf4 14. Bxf4 Nh5 15. Bg5
Bf6 16. Bxf6 Qxf6 17. Qxf6 Nhxf6 18. Nbd2 Rad8 19. Rad1 Bb5 20. h3 Ne5 21. Nxe5
Rxe5 22. Kf2 Rde8 23. Re3 R5e7 24. c4 Bc6 25. Rde1 Nd7 26. b3 Ne5 27. Nb1 Rd7
28. Nc3 Rd4 29. Nd5 Kg7 30. a4 f6 31. Rd1 Rxd1 32. Bxd1 Bxd5 33. exd5 Kf7 34.
Bc2 Rb8 35. Re1 Ke7 36. Ke3 Kd6 37. Kd2 a6 38. Kc3 Ra8 39. Ra1 Ra7 40. g4 a5 41.
Rf1 Rf7 42. Kd2 Nd7 43. h4 Ne5 44. h5 Nxg4 45. hxg6 hxg6 46. Bxg6 Rf8 47. Bf5
Ne5 48. Be6 Nc6 49. Bf5 Nd4 50. Bc2 f5 51. Bd1 Rh8 52. Rg1 Rh6 53. Rg8 Ke5 54.
Re8+ Kf4 55. Rd8 Rh2+ 56. Ke1 Ke3 57. Re8+ Kd3 58. d6 Rh1+ 59. Kf2 Rxd1 60. d7
Nc6 61. Rc8 Kc3 62. Rxc6 Kxb3 63. Rxb6+ Kxc4 64. Rb7 Rd4 65. Ke3 Kc3 66. Rb5 c4
67. Rxa5 Rxd7 68. Rxf5 Re7+ 69. Kf2 1/2-1/2

[Event "XLI Rilton Cup 2011-12"]
[Site "Stockholm SWE"]
[Date "2012.01.02"]
[Round "6"]
[Board "28"]
[White "Glimbrant, Torbjorn"]
[Black "Ask, Josef"]
[Result "1/2-1/2"]
[WhiteElo "2250"]
[BlackElo "2207"]
[WhiteFideId "1700995"]
[BlackFideId "1704583"]
[EventDate "2011.12.27"]

1. d4 e6 2. c4 f5 3. g3 Nf6 4. Bg2 Be7 5. Nc3 O-O 6. Nf3 d6 7. O-O Ne4 8. Nxe4
fxe4 9. Nd2 d5 10. f3 exf3 11. Bxf3 Bf6 12. e3 c6 13. Qb3 Kh8 14. Bg2 b6 15. Rf2
Ba6 16. Bf1 Nd7 17. Nf3 Bb7 18. Bd2 a5 1/2-1/2

[Event "XLI Rilton Cup 2011-12"]
[Site "Stockholm SWE"]
[Date "2012.01.02"]
[Round "6"]
[Board "29"]
[White "Arjun, Bharat"]
[Black "Bergstrom, Rolf"]
[Result "1/2-1/2"]
[WhiteTitle "CM"]
[BlackTitle "FM"]
[WhiteElo "2178"]
[BlackElo "2301"]
[WhiteFideId "5032725"]
[BlackFideId "1702386"]
[EventDate "2011.12.27"]

1. Nf3 b6 2. e4 Bb7 3. Nc3 Nf6 4. e5 Nd5 5. d4 Nxc3 6. bxc3 e6 7. Bd3 h6 8. O-O
d5 9. Ne1 Ba6 10. f4 Bxd3 11. Nxd3 g6 12. a4 Nc6 13. Ba3 Bxa3 14. Rxa3 Na5 15.
Qe2 Qe7 16. Raa1 Nc4 17. Kh1 h5 18. Nf2 a5 19. Ne4 O-O-O 20. Nd2 Nxd2 21. Qxd2
Qd7 22. Rfb1 Qc6 23. Qd3 Qc4 1/2-1/2

[Event "XLI Rilton Cup 2011-12"]
[Site "Stockholm SWE"]
[Date "2012.01.02"]
[Round "6"]
[Board "30"]
[White "Glantz, Robert"]
[Black "Frisk, Ellinor"]
[Result "1-0"]
[BlackTitle "WFM"]
[WhiteElo "2289"]
[BlackElo "2184"]
[WhiteFideId "24629596"]
[BlackFideId "1708481"]
[EventDate "2011.12.27"]

1. e4 e6 2. d4 d5 3. Nc3 Nf6 4. e5 Nfd7 5. f4 c5 6. Nf3 Nc6 7. Be3 Be7 8. Qd2
O-O 9. dxc5 Bxc5 10. O-O-O Qa5 11. Bxc5 Nxc5 12. Kb1 Bd7 13. Bd3 Nxd3 14. cxd3
b5 15. Rhe1 b4 16. Ne2 Rab8 17. Rc1 Rfc8 18. Ned4 Nxd4 19. Nxd4 Qb6 20. Qe3 a5
21. g4 Rxc1+ 22. Rxc1 Rc8 23. Rxc8+ Bxc8 24. f5 h6 25. h4 Qd8 26. f6 Kh7 27. g5
gxf6 28. exf6 Qg8 29. Nc6 Ba6 30. Ne5 Bb5 31. Qf3 Qf8 32. Qh5 Be8 33. d4 Kg8 34.
Ng4 Qd6 35. Nxh6+ Kf8 36. Nf5 1-0

[Event "XLI Rilton Cup 2011-12"]
[Site "Stockholm SWE"]
[Date "2012.01.02"]
[Round "6"]
[Board "34"]
[White "Isetoft, Daniel"]
[Black "Jonsson, Emil"]
[Result "1-0"]
[WhiteElo "2206"]
[BlackElo "2066"]
[WhiteFideId "1708996"]
[BlackFideId "1712268"]
[EventDate "2011.12.27"]

1. d4 Nf6 2. Nf3 g6 3. c4 Bg7 4. Nc3 d5 5. Bg5 Ne4 6. cxd5 Nxg5 7. Nxg5 e6 8.
Qd2 exd5 9. Qe3+ Kf8 10. Qf4 Qd7 11. g3 h6 12. Bh3 f5 13. Nf3 g5 14. Qe3 Nc6 15.
Bg2 Qe6 16. Qxe6 Bxe6 17. Nb5 Rc8 18. e3 a6 19. Nc3 Ne7 20. Na4 b6 21. O-O Kf7
22. Rfd1 Bd7 23. Nc3 Ke6 24. Bf1 a5 25. Rac1 g4 26. Nh4 c5 27. Ng2 Kd6 28. Nf4
c4 29. Bg2 Bc6 30. Nh5 Bf8 31. f3 b5 32. e4 b4 33. e5+ Kc7 34. Ne2 Be8 35. fxg4
fxg4 36. Nf6 Rd8 37. Nf4 Bf7 38. e6 Bg8 39. N6xd5+ Nxd5 40. Bxd5 Rxd5 41. Nxd5+
Kd6 42. Nf4 1-0

[Event "XLI Rilton Cup 2011-12"]
[Site "Stockholm SWE"]
[Date "2012.01.02"]
[Round "6"]
[Board "35"]
[White "Agrest, Inna"]
[Black "Kassani, Sam"]
[Result "1-0"]
[WhiteTitle "WIM"]
[WhiteElo "2189"]
[BlackElo "1998"]
[WhiteFideId "1708830"]
[BlackFideId "1709089"]
[EventDate "2011.12.27"]

1. e4 c5 2. Nf3 g6 3. d4 cxd4 4. Nxd4 Nc6 5. Nc3 Bg7 6. Be3 Nf6 7. Bc4 O-O 8.
Bb3 d5 9. exd5 Nb4 10. Nde2 Qa5 11. O-O Rd8 12. Qe1 Kf8 13. Rd1 Bf5 14. Nd4 Rac8
15. Nxf5 gxf5 16. Ne2 b6 17. Bd2 Nfxd5 18. a3 Nxc2 19. Bxa5 Nxe1 20. Bxe1 e6 21.
Bxd5 Rxd5 22. Rxd5 exd5 23. Bc3 Bxc3 24. bxc3 Ke7 25. f4 Rc4 26. Kf2 Kd6 27. Ke3
Kc5 28. Kd3 Ra4 29. Ra1 b5 30. Nd4 a6 1-0

[Event "XLI Rilton Cup 2011-12"]
[Site "Stockholm SWE"]
[Date "2012.01.02"]
[Round "6"]
[Board "37"]
[White "Evertsson, Lennart"]
[Black "Cramling, Dan"]
[Result "0-1"]
[BlackTitle "IM"]
[WhiteElo "2130"]
[BlackElo "2392"]
[WhiteFideId "1705156"]
[BlackFideId "1700162"]
[EventDate "2011.12.27"]

1. e4 c5 2. Nf3 e6 3. c4 Nc6 4. Nc3 Nf6 5. d3 Be7 6. Be2 d5 7. O-O O-O 8. Bf4 d4
9. Nb1 Nd7 10. Ne1 e5 11. Bg3 g6 12. f4 exf4 13. Bxf4 Bg5 14. Qc1 Bxf4 15. Qxf4
Nde5 16. Nd2 Qd6 17. Nc2 a6 18. Qh4 b5 19. b3 Be6 20. Rf6 Nd7 21. Rf4 Nce5 22.
Qh6 f6 23. Rh4 Rf7 24. Na3 Rg7 25. cxb5 axb5 26. Nxb5 Qb6 27. a4 Nf7 28. Qf4 g5
29. Qf3 Nfe5 0-1

[Event "XLI Rilton Cup 2011-12"]
[Site "Stockholm SWE"]
[Date "2012.01.03"]
[Round "7"]
[Board "1"]
[White "Shimanov, Aleksandr"]
[Black "Solak, Dragan"]
[Result "1/2-1/2"]
[WhiteTitle "GM"]
[BlackTitle "GM"]
[WhiteElo "2549"]
[BlackElo "2629"]
[WhiteFideId "4198603"]
[BlackFideId "916811"]
[EventDate "2011.12.27"]

1. d4 d5 2. c4 c6 3. Nc3 Nf6 4. e3 a6 5. Qc2 g6 6. Nf3 Bg7 7. Bd3 O-O 8. O-O Bg4
9. Ne5 Be6 10. Bd2 dxc4 11. Nxc4 Nbd7 12. b4 Bxc4 13. Bxc4 e5 14. dxe5 Nxe5 15.
Be2 Nd5 16. Na4 Qe7 17. Rab1 1/2-1/2

[Event "XLI Rilton Cup 2011-12"]
[Site "Stockholm SWE"]
[Date "2012.01.03"]
[Round "7"]
[Board "4"]
[White "Ivanov, Sergey"]
[Black "Bellon Lopez, Juan Manuel"]
[Result "1-0"]
[WhiteTitle "GM"]
[BlackTitle "GM"]
[WhiteElo "2537"]
[BlackElo "2419"]
[WhiteFideId "4101375"]
[BlackFideId "2200031"]
[EventDate "2011.12.27"]

1. d4 d5 2. c4 c6 3. Nc3 dxc4 4. e4 b5 5. a4 e5 6. Nf3 exd4 7. Qxd4 Qxd4 8. Nxd4
b4 9. Na2 b3 10. Nc3 Ba6 11. Bf4 Bc5 12. Nf5 g6 13. Nd6+ Bxd6 14. Bxd6 Ne7 15.
O-O-O Nd7 16. Be2 f6 17. f4 Nf8 18. e5 f5 19. Bf3 Ne6 20. Bxe7 Kxe7 21. Bxc6
Rad8 22. Nd5+ Kf7 23. Nb4 Bc8 24. Bd5 Bd7 25. a5 Bb5 26. Bxe6+ Kxe6 27. Rxd8
Rxd8 28. Rd1 Rxd1+ 29. Kxd1 g5 30. g3 gxf4 31. gxf4 c3 32. bxc3 a6 33. Kd2 h5
34. h4 Bc4 35. Nd3 Kd5 36. Nb2 Bf1 37. Ke3 Kc5 38. e6 Bb5 39. e7 Be8 40. Kd3 Bf7
41. c4 Kb4 42. Kd4 Be8 43. Nd3+ Kxa5 44. Kc3 Kb6 45. Nb4 Ba4 46. Nd5+ Kc5 47.
Nf6 b2 48. Kxb2 Kxc4 49. Nxh5 1-0

[Event "XLI Rilton Cup 2011-12"]
[Site "Stockholm SWE"]
[Date "2012.01.03"]
[Round "7"]
[Board "6"]
[White "Gajewski, Grzegorz"]
[Black "Sipila, Vilka"]
[Result "1-0"]
[WhiteTitle "GM"]
[BlackTitle "FM"]
[WhiteElo "2616"]
[BlackElo "2316"]
[WhiteFideId "1116207"]
[BlackFideId "505455"]
[EventDate "2011.12.27"]

1. d4 d5 2. c4 e5 3. dxe5 d4 4. Nf3 Nc6 5. Nbd2 Bf5 6. a3 Qe7 7. g3 O-O-O 8. Bg2
g5 9. O-O h6 10. Nb3 Be4 11. Bd2 g4 12. Bb4 Qe8 13. Bxf8 Qxf8 14. Nbd2 gxf3 15.
Bh3+ Kb8 16. Nxe4 fxe2 17. Qxe2 Nxe5 18. b4 d3 19. Qh5 Nxc4 20. Rac1 Nd6 21. Nc5
Qe8 22. Rce1 Qb5 23. Qh4 f6 24. Qd4 h5 25. Ne6 Rd7 26. Nc5 Rd8 27. Rc1 h4 28.
Bd7 Qb6 29. Qxd3 Nf7 30. Rfd1 Ne5 31. Qe2 hxg3 32. hxg3 c6 33. Rd6 Nh6 34. Rcd1
Rh7 35. Rxf6 Nhf7 36. Bf5 Rg7 37. Kg2 a5 38. Rxf7 Nxf7 39. Nd7+ Rxd7 40. Rxd7
axb4 41. axb4 Qa7 42. Qe8+ Nd8 43. Qxd8# 1-0

[Event "XLI Rilton Cup 2011-12"]
[Site "Stockholm SWE"]
[Date "2012.01.03"]
[Round "7"]
[Board "7"]
[White "Smith, Axel"]
[Black "L'Ami, Erwin"]
[Result "1/2-1/2"]
[WhiteTitle "IM"]
[BlackTitle "GM"]
[WhiteElo "2480"]
[BlackElo "2594"]
[WhiteFideId "1707930"]
[BlackFideId "1007998"]
[EventDate "2011.12.27"]

1. d4 Nf6 2. c4 g6 3. Nc3 Bg7 4. e4 O-O 5. Nf3 d6 6. Be2 Bg4 7. Be3 Nfd7 8. Rc1
c5 9. d5 Na6 10. Qd2 Nc7 11. Bh6 Bxf3 12. Bxf3 Bxh6 13. Qxh6 e6 14. O-O exd5 15.
exd5 f5 16. Qd2 Qf6 17. Bd1 a6 18. a4 a5 19. f4 Rae8 20. Bf3 Re7 21. Rfe1 Rfe8
22. Rxe7 Rxe7 23. Ne2 Na6 24. Rc3 Nb4 25. g3 Kf7 26. Kf2 Ke8 27. Re3 Rxe3 28.
Qxe3+ Kd8 29. b3 Qg7 30. Qc3 Nf6 31. Qe3 h5 32. h4 Qf7 33. Kg2 Qg7 34. Kf2 Qf7
35. Kg2 Kd7 36. Kf2 b6 37. Kg2 Kc7 38. Kf2 Qg7 39. Nc3 Qf7 40. Ne2 Kd8 41. Kg2
Qf8 42. Kf2 Qg7 43. Qc3 Kd7 44. Kg2 Qe7 45. Kf2 Ng4+ 46. Bxg4 hxg4 47. Qe3 Qf6
48. Qc3 Qe7 49. Qe3 Qf6 50. Qc3 Qxc3 51. Nxc3 Nd3+ 52. Ke2 Nc1+ 53. Kd1 Nxb3 54.
Nb5 Nd4 1/2-1/2

[Event "XLI Rilton Cup 2011-12"]
[Site "Stockholm SWE"]
[Date "2012.01.03"]
[Round "7"]
[Board "5"]
[White "Socko, Monika"]
[Black "Socko, Bartosz"]
[Result "0-1"]
[WhiteTitle "GM"]
[BlackTitle "GM"]
[WhiteElo "2479"]
[BlackElo "2635"]
[WhiteFideId "1106619"]
[BlackFideId "1107038"]
[EventDate "2011.12.27"]

1. d4 d5 2. Nf3 a6 3. e3 Bf5 4. c4 e6 5. Nc3 Nf6 6. Ne5 Be7 7. g4 Bg6 8. h4 dxc4
9. Qf3 Nbd7 10. Nxg6 hxg6 11. Bxc4 b5 12. Bb3 Nb6 13. g5 Nfd5 14. Bd2 Qd7 15. e4
Nb4 16. O-O-O a5 17. h5 a4 18. hxg6 Rf8 19. Bc2 fxg6 20. Qe3 Nc4 21. Qe2 Qxd4
22. Be1 Nxa2+ 23. Kb1 Nxc3+ 24. Bxc3 Qxf2 25. Qxf2 Rxf2 26. Bxg7 Nd2+ 27. Rxd2
Rxd2 28. Rh8+ Kf7 29. Rxa8 Kxg7 30. Rb8 c6 31. Rb7 Kf7 32. Rc7 Rg2 33. Rxc6 Rxg5
34. Ra6 Rc5 35. Bd3 g5 36. Be2 Re5 37. Ra5 Kf6 38. Bf3 Rc5 39. Be2 Ke5 40. Ra7
Kf6 41. Ra5 Re5 42. Bf3 Bb4 43. Ra6 Bc5 44. Be2 Bd4 45. Bf3 Ke7 46. Ka2 Rc5 47.
Rb6 Kf6 48. Rb7 Ke5 49. Be2 Kxe4 50. Rxb5 Ke3 51. Rxc5 Bxc5 52. Bd1 e5 53. Bxa4
g4 0-1

[Event "XLI Rilton Cup 2011-12"]
[Site "Stockholm SWE"]
[Date "2012.01.03"]
[Round "7"]
[Board "8"]
[White "Nithander, Victor"]
[Black "Tikkanen, Hans"]
[Result "0-1"]
[WhiteTitle "IM"]
[BlackTitle "GM"]
[WhiteElo "2423"]
[BlackElo "2586"]
[WhiteFideId "1707833"]
[BlackFideId "1706446"]
[EventDate "2011.12.27"]

1. e4 e6 2. d4 d5 3. Nd2 Nf6 4. e5 Nfd7 5. f4 c5 6. c3 Nc6 7. Ndf3 Qb6 8. a3 c4
9. g3 Be7 10. Bh3 Na5 11. Ne2 Qb3 12. Qd2 Nb6 13. O-O g6 14. f5 exf5 15. Qh6 Bf8
16. Qh4 h6 17. g4 Qc2 18. Qf2 Nb3 19. Ne1 Qd1 20. Ng2 Qxf1+ 21. Qxf1 fxg4 22.
Rb1 gxh3 23. Ne3 g5 24. Ng3 Be6 25. Nef5 Nxc1 26. Rxc1 h5 27. Qxh3 Nc8 28. Rf1
h4 29. Ne2 Rg8 30. Qg2 Rg6 31. Ne3 Nb6 32. Rf6 Be7 33. Rxg6 fxg6 34. Kh1 O-O-O
35. Ng1 g4 36. Nxg4 Bf5 37. Nf3 Rf8 38. Nf6 Bxf6 39. exf6 Rxf6 40. Qg5 Nd7 41.
Kg1 h3 42. Ne5 Rb6 43. Qe7 Nxe5 44. Qe8+ Kc7 45. Qxe5+ Kc6 46. Qe8+ Bd7 47.
Qxg6+ Kb5 48. Qf7 Be6 49. a4+ Kxa4 50. Qf2 Kb3 51. Qe2 Bf5 52. Qf3 Rg6+ 53. Kf2
Rg2+ 54. Ke3 Be6 55. Qf6 Bg4 56. Qg7 b5 57. Qxa7 Rxb2 58. Qa5 Kc2 59. Kf4 Be2
60. Qa8 Kxc3 61. Qxd5 b4 62. Qe5 Kb3 63. d5 c3 64. d6 Rd2 65. d7 Bc4 66. Qe1
Rxd7 67. Qb1+ Ka4 68. Qc2+ Bb3 69. Qg6 Ka3 0-1

[Event "XLI Rilton Cup 2011-12"]
[Site "Stockholm SWE"]
[Date "2012.01.03"]
[Round "7"]
[Board "11"]
[White "Malmdin, Nils-Ake"]
[Black "Semcesen, Daniel"]
[Result "0-1"]
[WhiteTitle "FM"]
[BlackTitle "IM"]
[WhiteElo "2308"]
[BlackElo "2490"]
[WhiteFideId "1701584"]
[BlackFideId "1706993"]
[EventDate "2011.12.27"]

1. e4 e5 2. Nf3 Nc6 3. Nc3 Nf6 4. a3 g6 5. d4 exd4 6. Nxd4 Bg7 7. Be3 O-O 8. Be2
Re8 9. Bf3 Ne5 10. Qe2 a6 11. O-O-O b5 12. g4 Nxf3 13. Nc6 dxc6 14. Rxd8 Rxd8
15. Qxf3 Nxg4 16. Bf4 Ne5 17. Qg3 Re8 18. h3 a5 19. Nd1 Nc4 20. f3 a4 21. c3 c5
22. h4 h5 23. Ne3 Nxe3 24. Bxe3 b4 25. Rd1 bxc3 26. bxc3 Bxc3 27. Rd5 Kh7 28.
Rxc5 Bg7 29. Rxc7 Be6 30. f4 Rac8 31. Bb6 Rxc7+ 32. Bxc7 Rc8 33. f5 gxf5 34.
exf5 Bxf5 35. Kd2 Bf8 36. Qe5 Bg6 37. Qg3 Re8 38. Bb6 Re4 39. Ba7 Rg4 40. Qf3
Bh6+ 41. Kc3 Bg7+ 42. Kd2 Rxh4 43. Bc5 Rc4 44. Bb4 h4 45. Ke2 Re4+ 46. Kf1 Be5
47. Bd2 Rd4 48. Qe3 Bg7 49. Be1 Bf6 50. Qf3 Be5 51. Bf2 Rd3 52. Qe2 Bf6 53. Qg4
Rxa3 54. Bxh4 Ra1+ 55. Ke2 Rh1 56. Qxa4 Rxh4 57. Qc6 Rf4 58. Qh1+ Kg7 59. Qb7
Rc4 60. Qa6 Rc2+ 61. Ke3 Bb2 62. Qa5 Kh6 63. Kf3 Bd4 64. Qd8 Be5 65. Qh4+ Kg7
66. Ke3 Rc7 67. Qd8 f6 68. Kd2 Bf5 69. Ke3 Bg4 70. Qa8 Kg6 71. Qg8+ Kf5 72. Qa8
Rc3+ 73. Kd2 Rc7 74. Qd5 Kf4 75. Qh1 Rd7+ 76. Kc2 Kg5 77. Qg2 f5 78. Qa8 f4 79.
Qg8+ Bg7 80. Qa8 f3 81. Qa5+ Bf5+ 82. Kc1 Bh6 83. Qe5 Kg4+ 0-1

[Event "XLI Rilton Cup 2011-12"]
[Site "Stockholm SWE"]
[Date "2012.01.03"]
[Round "7"]
[Board "12"]
[White "Karlsson, Lars"]
[Black "De Filomeno, Simone"]
[Result "1/2-1/2"]
[WhiteTitle "GM"]
[BlackTitle "FM"]
[WhiteElo "2485"]
[BlackElo "2299"]
[WhiteFideId "1700057"]
[BlackFideId "828688"]
[EventDate "2011.12.27"]

1. g3 c5 2. c4 g6 3. Bg2 Bg7 4. Nc3 Nc6 5. e3 e6 6. Nge2 Nge7 7. Nf4 O-O 8. a3
a6 9. b4 cxb4 10. axb4 Nxb4 11. Ba3 Nbc6 12. c5 Re8 13. Ne4 Nf5 14. Rb1 d5 15.
cxd6 Be5 16. h4 Nxd6 17. h5 g5 18. h6 Nxe4 19. Bxe4 gxf4 20. gxf4 Bd6 21. Qg4+
Kf8 22. Bb2 e5 23. Qg7+ Ke7 24. fxe5 Bb4 25. Qf6+ Kf8 26. Qg7+ Ke7 27. Bc3 Bxc3
28. Qf6+ Kf8 29. Qg7+ Ke7 30. Qf6+ Kf8 31. Qg7+ Ke7 32. Qf6+ 1/2-1/2